[Event "Aerosvit"]
[Site "Foros UKR"]
[Date "2008.06.10"]
[Round "3"]
[White "Nisipeanu,LD"]
[Black "Ivanchuk,V"]
[Result "1/2-1/2"]
[WhiteElo "2684"]
[BlackElo "2740"]
[EventDate "2008.06.08"]

1. e4 c5 2. Nf3 e6 3. d4 cxd4 4. Nxd4 Qb6 5. Nb3 Qc7 6. Bd3 Nf6 7. O-O d6
8. c4 Be7 9. Nc3 O-O 10. Be3 b6 11. a4 Nc6 12. a5 bxa5 13. Nb5 Qb8 14. Nxa5
Nxa5 15. Rxa5 a6 16. Nd4 Qxb2 17. c5 dxc5 18. Nc6 Re8 19. e5 Nd5 20. Nxe7+
Rxe7 21. Bxc5 Rc7 22. Bd6 Rc3 23. Ra4 h6 24. Rg4 Bd7 25. Rg3 Bb5 26. Qg4 g5
27. Qh5 Bxd3 28. Qxh6 Bg6 29. Rxg5 Nf4 30. Rg4 Rc1 31. Qxf4 Rxf1+ 32. Kxf1
Qb1+ 33. Ke2 Qd3+ 34. Ke1 Rc8 35. Bb4 Qb1+ 36. Ke2 Qd3+ 37. Ke1 a5 38. Bd2
Rb8 39. Qc4 Rb1+ 40. Bc1 Qf5 41. f3 Qxe5+ 42. Kf2 Rb4 43. Qc8+ Kh7 44. h3
1/2-1/2

[Event "Aerosvit"]
[Site "Foros UKR"]
[Date "2008.06.17"]
[Round "9"]
[White "Volokitin,And"]
[Black "Eljanov,P"]
[Result "0-1"]
[WhiteElo "2684"]
[BlackElo "2687"]
[EventDate "2008.06.08"]

1. e4 e5 2. Nf3 Nc6 3. Bb5 Nf6 4. O-O Nxe4 5. d4 Nd6 6. Bxc6 dxc6 7. dxe5
Nf5 8. Qxd8+ Kxd8 9. Nc3 Ne7 10. h3 Ng6 11. Ne4 h6 12. b3 a5 13. a4 c5 14.
Bb2 Be6 15. Nfd2 Nf4 16. Kh2 g6 17. Nc4 Kd7 18. g3 Nd5 19. f4 h5 20. Rad1
Kc6 21. Ng5 Bg7 22. Nxe6 fxe6 23. Bc1 Bh6 24. Kg2 Rhf8 25. Na3 Rf7 26. c4
Ne7 27. Rd3 Rg8 28. Rfd1 Nf5 29. Nb5 g5 30. g4 gxf4 31. Kf3 Nh4+ 32. Ke4 b6
33. gxh5 Rg2 34. Nc3 Nf5 35. Rd8 Rg3 36. Nb5 Rxb3 37. R1d3 Rxd3 38. Rxd3 f3
39. Bxh6 f2 40. Rd1 Ng3+ 41. Ke3 f1=Q 42. Rxf1 Nxf1+ 43. Kd3 Ng3 44. h4
Rf3+ 45. Kd2 Rf5 46. Bg5 Ne4+ 47. Ke3 Nxg5 48. hxg5 Rxg5 0-1